<?xml version="1.0" encoding="UTF-8"?>
<record
    xmlns:xsi="http://www.w3.org/2001/XMLSchema-instance"
    xsi:schemaLocation="http://www.loc.gov/MARC21/slim http://www.loc.gov/standards/marcxml/schema/MARC21slim.xsd"
    xmlns="http://www.loc.gov/MARC21/slim">

  <leader>00460nam a2200169   4500</leader>
  <controlfield tag="003">SEACOMEC</controlfield>
  <controlfield tag="005">20250531123158.0</controlfield>
  <controlfield tag="008">240604b        |||||||| |||| 00| 0 eng d</controlfield>
  <datafield tag="020" ind1=" " ind2=" ">
    <subfield code="a">81-219-2573-8</subfield>
    <subfield code="c">Rs.365.00</subfield>
  </datafield>
  <datafield tag="040" ind1=" " ind2=" ">
    <subfield code="a">SEACOMEC</subfield>
  </datafield>
  <datafield tag="082" ind1=" " ind2=" ">
    <subfield code="a">621.402</subfield>
    <subfield code="b">K45</subfield>
  </datafield>
  <datafield tag="100" ind1=" " ind2=" ">
    <subfield code="a"> Khurmi, R.S</subfield>
  </datafield>
  <datafield tag="245" ind1="1" ind2=" ">
    <subfield code="a">A  Textbook of thermal engineering / </subfield>
    <subfield code="c">R.S Khurmi and J.K. Gupta</subfield>
  </datafield>
  <datafield tag="260" ind1=" " ind2=" ">
    <subfield code="a"> New Delhi</subfield>
    <subfield code="b">S.Chand</subfield>
    <subfield code="c">2007</subfield>
  </datafield>
  <datafield tag="650" ind1=" " ind2=" ">
    <subfield code="a">Thermal Engineering</subfield>
  </datafield>
  <datafield tag="942" ind1=" " ind2=" ">
    <subfield code="c">BOOK</subfield>
  </datafield>
  <datafield tag="952" ind1=" " ind2=" ">
    <subfield code="0">0</subfield>
    <subfield code="1">0</subfield>
    <subfield code="2">ddc</subfield>
    <subfield code="4">0</subfield>
    <subfield code="7">0</subfield>
    <subfield code="a">SEACOMEC</subfield>
    <subfield code="b">SEACOMEC</subfield>
    <subfield code="d">2008-02-05</subfield>
    <subfield code="l">0</subfield>
    <subfield code="o">621.402 K45</subfield>
    <subfield code="p">9702</subfield>
    <subfield code="r">2024-06-04 12:36:20</subfield>
    <subfield code="w">2024-06-04</subfield>
    <subfield code="y">REF</subfield>
  </datafield>
  <datafield tag="952" ind1=" " ind2=" ">
    <subfield code="0">0</subfield>
    <subfield code="1">0</subfield>
    <subfield code="2">ddc</subfield>
    <subfield code="4">0</subfield>
    <subfield code="7">0</subfield>
    <subfield code="a">SEACOMEC</subfield>
    <subfield code="b">SEACOMEC</subfield>
    <subfield code="d">2008-02-05</subfield>
    <subfield code="l">0</subfield>
    <subfield code="o">621.402 K45</subfield>
    <subfield code="p">9703</subfield>
    <subfield code="r">2024-06-04 12:36:50</subfield>
    <subfield code="t">1</subfield>
    <subfield code="w">2024-06-04</subfield>
    <subfield code="y">BOOK</subfield>
  </datafield>
  <datafield tag="952" ind1=" " ind2=" ">
    <subfield code="0">0</subfield>
    <subfield code="1">0</subfield>
    <subfield code="2">ddc</subfield>
    <subfield code="4">0</subfield>
    <subfield code="7">0</subfield>
    <subfield code="a">SEACOMEC</subfield>
    <subfield code="b">SEACOMEC</subfield>
    <subfield code="d">2008-02-05</subfield>
    <subfield code="l">0</subfield>
    <subfield code="o">621.402 K45</subfield>
    <subfield code="p">9704</subfield>
    <subfield code="r">2024-06-04 12:36:50</subfield>
    <subfield code="t">2</subfield>
    <subfield code="w">2024-06-04</subfield>
    <subfield code="y">BOOK</subfield>
  </datafield>
  <datafield tag="952" ind1=" " ind2=" ">
    <subfield code="0">0</subfield>
    <subfield code="1">0</subfield>
    <subfield code="2">ddc</subfield>
    <subfield code="4">0</subfield>
    <subfield code="7">0</subfield>
    <subfield code="a">SEACOMEC</subfield>
    <subfield code="b">SEACOMEC</subfield>
    <subfield code="d">2008-02-05</subfield>
    <subfield code="l">0</subfield>
    <subfield code="o">621.402 K45</subfield>
    <subfield code="p">9705</subfield>
    <subfield code="r">2024-06-04 12:36:50</subfield>
    <subfield code="t">3</subfield>
    <subfield code="w">2024-06-04</subfield>
    <subfield code="y">BOOK</subfield>
  </datafield>
  <datafield tag="952" ind1=" " ind2=" ">
    <subfield code="0">0</subfield>
    <subfield code="1">0</subfield>
    <subfield code="2">ddc</subfield>
    <subfield code="4">0</subfield>
    <subfield code="7">0</subfield>
    <subfield code="a">SEACOMEC</subfield>
    <subfield code="b">SEACOMEC</subfield>
    <subfield code="d">2011-02-07</subfield>
    <subfield code="l">0</subfield>
    <subfield code="o">621.402 K45</subfield>
    <subfield code="p">17798</subfield>
    <subfield code="r">2025-05-31 12:32:59</subfield>
    <subfield code="t">1</subfield>
    <subfield code="w">2025-05-31</subfield>
    <subfield code="y">BOOK</subfield>
  </datafield>
  <datafield tag="952" ind1=" " ind2=" ">
    <subfield code="0">0</subfield>
    <subfield code="1">0</subfield>
    <subfield code="2">ddc</subfield>
    <subfield code="4">0</subfield>
    <subfield code="7">0</subfield>
    <subfield code="a">SEACOMEC</subfield>
    <subfield code="b">SEACOMEC</subfield>
    <subfield code="d">2011-02-07</subfield>
    <subfield code="l">0</subfield>
    <subfield code="o">621.402 K45</subfield>
    <subfield code="p">17799</subfield>
    <subfield code="r">2025-05-31 12:32:59</subfield>
    <subfield code="t">2</subfield>
    <subfield code="w">2025-05-31</subfield>
    <subfield code="y">BOOK</subfield>
  </datafield>
  <datafield tag="952" ind1=" " ind2=" ">
    <subfield code="0">0</subfield>
    <subfield code="1">0</subfield>
    <subfield code="2">ddc</subfield>
    <subfield code="4">0</subfield>
    <subfield code="7">0</subfield>
    <subfield code="a">SEACOMEC</subfield>
    <subfield code="b">SEACOMEC</subfield>
    <subfield code="d">2011-02-07</subfield>
    <subfield code="l">0</subfield>
    <subfield code="o">621.402 K45</subfield>
    <subfield code="p">17800</subfield>
    <subfield code="r">2025-05-31 12:32:59</subfield>
    <subfield code="t">3</subfield>
    <subfield code="w">2025-05-31</subfield>
    <subfield code="y">BOOK</subfield>
  </datafield>
  <datafield tag="952" ind1=" " ind2=" ">
    <subfield code="0">0</subfield>
    <subfield code="1">0</subfield>
    <subfield code="2">ddc</subfield>
    <subfield code="4">0</subfield>
    <subfield code="7">0</subfield>
    <subfield code="a">SEACOMEC</subfield>
    <subfield code="b">SEACOMEC</subfield>
    <subfield code="d">2011-02-07</subfield>
    <subfield code="l">0</subfield>
    <subfield code="o">621.402 K45</subfield>
    <subfield code="p">17801</subfield>
    <subfield code="r">2025-05-31 12:32:59</subfield>
    <subfield code="t">4</subfield>
    <subfield code="w">2025-05-31</subfield>
    <subfield code="y">BOOK</subfield>
  </datafield>
  <datafield tag="952" ind1=" " ind2=" ">
    <subfield code="0">0</subfield>
    <subfield code="1">0</subfield>
    <subfield code="2">ddc</subfield>
    <subfield code="4">0</subfield>
    <subfield code="7">0</subfield>
    <subfield code="a">SEACOMEC</subfield>
    <subfield code="b">SEACOMEC</subfield>
    <subfield code="d">2011-02-07</subfield>
    <subfield code="l">0</subfield>
    <subfield code="o">621.402 K45</subfield>
    <subfield code="p">17802</subfield>
    <subfield code="r">2025-05-31 12:32:59</subfield>
    <subfield code="t">5</subfield>
    <subfield code="w">2025-05-31</subfield>
    <subfield code="y">BOOK</subfield>
  </datafield>
  <datafield tag="952" ind1=" " ind2=" ">
    <subfield code="0">0</subfield>
    <subfield code="1">0</subfield>
    <subfield code="2">ddc</subfield>
    <subfield code="4">0</subfield>
    <subfield code="7">0</subfield>
    <subfield code="a">SEACOMEC</subfield>
    <subfield code="b">SEACOMEC</subfield>
    <subfield code="d">2011-02-07</subfield>
    <subfield code="l">0</subfield>
    <subfield code="o">621.402 K45</subfield>
    <subfield code="p">17803</subfield>
    <subfield code="r">2025-05-31 12:32:59</subfield>
    <subfield code="t">6</subfield>
    <subfield code="w">2025-05-31</subfield>
    <subfield code="y">BOOK</subfield>
  </datafield>
  <datafield tag="952" ind1=" " ind2=" ">
    <subfield code="0">0</subfield>
    <subfield code="1">0</subfield>
    <subfield code="2">ddc</subfield>
    <subfield code="4">0</subfield>
    <subfield code="7">0</subfield>
    <subfield code="a">SEACOMEC</subfield>
    <subfield code="b">SEACOMEC</subfield>
    <subfield code="d">2011-02-07</subfield>
    <subfield code="l">0</subfield>
    <subfield code="o">621.402 K45</subfield>
    <subfield code="p">17804</subfield>
    <subfield code="r">2025-05-31 12:32:59</subfield>
    <subfield code="t">7</subfield>
    <subfield code="w">2025-05-31</subfield>
    <subfield code="y">BOOK</subfield>
  </datafield>
  <datafield tag="952" ind1=" " ind2=" ">
    <subfield code="0">0</subfield>
    <subfield code="1">0</subfield>
    <subfield code="2">ddc</subfield>
    <subfield code="4">0</subfield>
    <subfield code="7">0</subfield>
    <subfield code="a">SEACOMEC</subfield>
    <subfield code="b">SEACOMEC</subfield>
    <subfield code="d">2011-02-07</subfield>
    <subfield code="l">0</subfield>
    <subfield code="o">621.402 K45</subfield>
    <subfield code="p">17805</subfield>
    <subfield code="r">2025-05-31 12:32:59</subfield>
    <subfield code="t">8</subfield>
    <subfield code="w">2025-05-31</subfield>
    <subfield code="y">BOOK</subfield>
  </datafield>
  <datafield tag="952" ind1=" " ind2=" ">
    <subfield code="0">0</subfield>
    <subfield code="1">0</subfield>
    <subfield code="2">ddc</subfield>
    <subfield code="4">0</subfield>
    <subfield code="7">0</subfield>
    <subfield code="a">SEACOMEC</subfield>
    <subfield code="b">SEACOMEC</subfield>
    <subfield code="d">2011-02-07</subfield>
    <subfield code="l">0</subfield>
    <subfield code="o">621.402 K45</subfield>
    <subfield code="p">17806</subfield>
    <subfield code="r">2025-05-31 12:32:59</subfield>
    <subfield code="t">9</subfield>
    <subfield code="w">2025-05-31</subfield>
    <subfield code="y">BOOK</subfield>
  </datafield>
  <datafield tag="952" ind1=" " ind2=" ">
    <subfield code="0">0</subfield>
    <subfield code="1">0</subfield>
    <subfield code="2">ddc</subfield>
    <subfield code="4">0</subfield>
    <subfield code="7">0</subfield>
    <subfield code="a">SEACOMEC</subfield>
    <subfield code="b">SEACOMEC</subfield>
    <subfield code="d">2011-02-07</subfield>
    <subfield code="l">0</subfield>
    <subfield code="o">621.402 K45</subfield>
    <subfield code="p">17807</subfield>
    <subfield code="r">2025-05-31 12:32:59</subfield>
    <subfield code="t">10</subfield>
    <subfield code="w">2025-05-31</subfield>
    <subfield code="y">BOOK</subfield>
  </datafield>
  <datafield tag="999" ind1=" " ind2=" ">
    <subfield code="c">1287</subfield>
    <subfield code="d">1287</subfield>
  </datafield>
</record>
